St. Paul's Ephesian ministry: (Record no. 5817)

000 -LEADER
fixed length control field 00732nam a2200193 a 4500
001 - CONTROL NUMBER
control field :::00003559$&:&@@
003 - CONTROL NUMBER IDENTIFIER
control field OkBaRHE
005 - DATE AND TIME OF LATEST TRANSACTION
control field 20000607103307.0
008 - FIXED-LENGTH DATA ELEMENTS--GENERAL INFORMATION
fixed length control field s1929 j 000 0 eng u
040 ## - CATALOGING SOURCE
Transcribing agency
100 1# - MAIN ENTRY--PERSONAL NAME
Personal name Duncan, George Simpson, 1884-
245 10 - TITLE STATEMENT
Title St. Paul's Ephesian ministry:
Remainder of title a reconstruction with special reference to the Ephesian origin of the imprisonment epistles.
260 ## - PUBLICATION, DISTRIBUTION, ETC. (IMPRINT)
Place of publication, distribution, etc London, UK:EN., :
Name of publisher, distributor, etc Hodder & Stoughton Limited
Date of publication, distribution, etc 1929
300 ## - PHYSICAL DESCRIPTION
Extent 303 p. ;
Dimensions 21 cm.
650 ## - SUBJECT ADDED ENTRY--TOPICAL TERM
Topical term or geographic name as entry element Bible New Testament Ephesians
General subdivision Criticism, Interpretation, etc.
650 ## - SUBJECT ADDED ENTRY--TOPICAL TERM
Topical term or geographic name as entry element Paul, Saint, apostle
942 ## - ADDED ENTRY ELEMENTS (KOHA)
Source of classification or shelving scheme
Koha item type Books
Copies
Withdrawn status Date last seen Damaged status Lost status Permanent Location Not for loan Full call number Copy number Date acquired Source of classification or shelving scheme Price effective from Koha item type Shelving location Barcode
 2018-04-03  RHEMA Bible Training College BS 2695 .D812010-04-14 2010-04-14BooksGeneral Stacks3559